[Event "FRA-chT 0304 Regionale"]
[Site "Bretagne "]
[Date "2003.11.16"]
[Round "1"]
[White "Rozenthal, Francois"]
[Black "Charpentier, Bruno"]
[Result "1/2-1/2"]
[WhiteElo "1360"]
[BlackElo "1530"]
[PlyCount "75"]
[EventDate "2003.01.16"]
[EventType "team"]
[EventRounds "7"]
[EventCountry "FRA"]
[SourceTitle "EXT 2007"]
[Source "ChessBase"]
[SourceDate "2006.11.23"]
[SourceVersion "1"]
[SourceVersionDate "2006.11.23"]
[SourceQuality "1"]

1. e4 e5 2. Nf3 Nc6 3. d4 exd4 4. Bc4 Bc5 5. Ng5 Ne5 6. Bxf7+ Nxf7 7. Nxf7 Kxf7 8. Qh5+ g6 9. Qxc5 Qe7 10. Qxd4 Nf6 11. f3 d5 12. Bg5 Re8 13. Nd2 c5 14. Bxf6 cxd4 15. Bxe7 Rxe7 16. 0-0 dxe4 17. fxe4+ Kg7 18. Rae1 b6 19. Nb3 Ba6 20. Rf2 Rd8 21. Rd2 d3 22. Kf2 Rf8+ 23. Ke3 dxc2 24. Rxc2 Rfe8 25. Nd2 Bb7 26. Rc4 a6 27. Rec1 Kh6 28. Rc7 b5 29. Rxe7 Rxe7 30. Rc5 g5 31. b4 Kh5 32. g3 Kg4 33. Rc1 Kh3 34. Rc2 h6 35. Kf3 g4+ 36. Ke3 Kxh2 37. Nf1+ Kg1 38. Nd2 1/2-1/2